00212nam a2200085 4500100001700000245005200017260002600069300000700095650002400102 aPerera Amila aInsitu Modifications of Metal Organic Framework aColombobICHEMCc2016 a26 aMetal Organica2016